Statistics for Album Covers by K-Pop Group

Click here to take the quiz!

General Stats

  • This quiz has been taken 315 times
  • The average score is 13 of 16

Answer Stats

Album CoverGroup% Correct
Mamamoo
97%
BLACKPINK
96%
BTS
95%
Twice
94%
EXO
90%
MonstaX
85%
Red Velvet
84%
Seventeen
80%
Girls' Generation
80%
Super Junior
77%
BigBang
73%
NCT 127
73%
Got7
72%
(G)I-dle
62%
GFriend
57%
SHINee
53%

Score Distribution

Percentile by Number Answered

Percent of People with Each Score

Your Score History

You have not taken this quiz